| 000 | 00939nam a2200313Ia 4500 | ||
|---|---|---|---|
| 005 | 20251020182521.0 | ||
| 008 | 200515s9999 xx 000 0 und d | ||
| 082 | _a69/N47 | ||
| 100 | _aNeumann, Friedrich | ||
| 245 | 0 | _aTratado de edificación | |
| 260 | _aBarcelona | ||
| 260 | _bGustavo Gili | ||
| 260 | _c1967 | ||
| 300 | _bil.; tbls. | ||
| 500 | _a1 ejemplar | ||
| 520 | _aLa primera parte del documento abarca, en esencia, la obra gruesa del edificio: paredes, suelos, pavimentos guarnecidos y especiales providencias para protegerlos (impermeabilización, aislamiento térmico y acústico). En la segunda se trata de cubiertas, m | ||
| 650 | _aANDAMIOS | ||
| 650 | _aCIMENTACIONES | ||
| 650 | _aCUBIERTAS | ||
| 650 | _aESCALERAS | ||
| 650 | _aPAREDES | ||
| 650 | _aPAVIMENTOS | ||
| 650 | _aPUERTAS | ||
| 650 | _aREVESTIMIENTOS | ||
| 650 | _aSUELOS | ||
| 650 | _aVENTANAS | ||
| 942 | _cLIB | ||
| 999 |
_c1752 _d1752 |
||